000 00298nam a22001337a 4500
008 170907b xxu||||| |||| 00| 0 eng d
020 _a9780262680028
041 _aeng
080 _a72
100 _a41
101 _aARK
245 _aEXPERIENCING ARCHITECTURE
_cRASMUSSEN,S,E.
942 _2udc
_cBK
999 _c26500
_d26500